Statystyki dla Stolice państw nieuznawanych i terytoriów zależnych

Kliknij tutaj aby rozwiązać quiz!

Ogólne statystyki

  • Ten quiz został rozwiązany 347 razy
  • Średni wynik to 25 z 85

Statystyki odpowiedzi

TerytoriaStolica% Poprawnych
KosowoPrisztina
92%
Tajwan (Republika Chińska)Tajpej
90%
Hong KongHong Kong
79%
GrenlandiaNuuk
76%
MakauMakau
72%
Doniecka Republika LudowaDonieck
67%
Ługańska Republika LudowaŁugańsk
64%
NaddniestrzeTyraspol
64%
GibraltarGibraltar
62%
Islamski Emirat AfganistanuKabul
53%
Wyspy OwczeThorshavn
52%
PortorykoSan Juan
50%
Gujana FrancuskaKajenna
48%
Sahara ZachodniaAl-Ujun
39%
PalestynaRamallah/Wschodnia Jerozolima
37%
Wyspa ManDouglas
36%
Wyspy KokosoweWest Island/Canberra
36%
NorfolkKingston
34%
CuraçaoWillemstad
34%
PitcairnAdamstown
33%
Polinezja FrancuskaPapeete
33%
AbchazjaSuchumi
33%
BermudyHamilton
32%
Nowa KaledoniaNumea
32%
ArubaOranjestad
32%
Sint EustatiusOranjestad
32%
GwadelupaBasse-Terre
31%
Wyspa Bożego NarodzeniaFlying Fish Cove
31%
Wyspa ClippertonaParyż
30%
Francuskie Terytoria Południowe i AntarktycznePort-aux-Francais/Saint Pierre
30%
FalklandyStanley
30%
Wyspy Morza KoralowegoCanberra
29%
Wyspy Ashmore i CartieraCanberra
29%
Wyspy Heard i McDonaldaCanberra
29%
Saint-Pierre i MiquelonSaint-Pierre
29%
Cypr PółnocnyNikozja Północna/Lefkosa
28%
ReunionSaint-Denis
28%
MartynikaFort-de-France
27%
GuamHagatna
27%
Wyspa Świętej Heleny, Wyspa Wniebowstąpienia i Tristan da CunhaJamestown
26%
KajmanyGeorge Town
25%
NiueAlofi
24%
JerseySaint Helier
24%
AnguillaThe Valley
24%
Turks i CaicosCockburn Town
23%
Jan MayenOslo
23%
Wyspa BouvetaOslo
23%
Wyspa Piotra IOslo
23%
Ziemia Królowej MaudOslo
23%
MidwayWaszyngton
23%
JarvisWaszyngton
23%
HowlandWaszyngton
23%
PalmyraWaszyngton
23%
BakerWaszyngton
23%
WakeWaszyngton
23%
NavassaWaszyngton
23%
KingmanWaszyngton
23%
JohnstonWaszyngton
23%
SomalilandHargejsa
22%
BonaireKralendijk
22%
GuernseySaint Peter Port
22%
Brytyjskie Wyspy DziewiczeRoad Town
21%
Wyspy Dziewicze Stanów ZjednoczonychCharlotte Amalie
20%
SvalbardLongyearbyen
20%
MajottaMamoudzou
20%
SabaThe Bottom
20%
Wyspy CookaAvarua
19%
Wallis i FutunaMata-Utu
18%
MontserratPlymouth/Brades
18%
Górski KarabachStepanakert
18%
Sint MaartenPhilipsburg
17%
Mariany PółnocneCapitol Hill
15%
Osetia PołudniowaCchinwali
14%
Saint-BarthélemyGustavia
14%
Georgia Południowa i Sandwich PołudniowyKing Edward Point
14%
Wyspy AlandzkieMaarianhamina
12%
Saint-MartinMarigot
12%
Samoa AmerykańskieFagatogo
10%
TokelauAtafu/Nukunonu/Fakaofo
7%
AkrotiriEpiskopi Cantonment
7%
DhekeliaEpiskopi Cantonment
7%
Australijskie Terytorium AntarktyczneDavis Station
5%
Brytyjskie Terytorium AntarktyczneRothera
3%
Brytyjskie Terytorium Oceanu IndyjskiegoCamp Justice
2%
Dependencja RossaScott Base
1%

Rozkład punktacji

Percentyl według liczby udzielonych odpowiedzi

Procent ludzi z każdym wynikiem

Twoja historia wyników

Nie rozwiązałeś tego quizu